[Event "Niteroi op 2nd"]
[Site "Niteroi"]
[Date "2022.09.06"]
[Round "8"]
[White "Baptista, Andre Kemper"]
[Black "Federzoni, Enzo"]
[Result "0-1"]
[WhiteElo "1900"]
[BlackElo "2158"]
[PlyCount "64"]
[EventDate "2022.09.01"]
[EventType "swiss"]
[EventRounds "9"]
[EventCountry "BRA"]
[SourceTitle "EXT 2024"]
[Source "ChessBase"]
[SourceDate "2023.10.10"]
[SourceVersion "1"]
[SourceVersionDate "2023.10.10"]
[SourceQuality "1"]

1. e4 c6 2. c4 d5 3. exd5 cxd5 4. cxd5 Nf6 5. Qa4+ Bd7 6. Qb3 e6 7. dxe6 Bxe6 8. Bc4 Bxc4 9. Qxc4 Nc6 10. Nf3 Qe7+ 11. Qe2 Nb4 12. Qxe7+ Bxe7 13. Kd1 Nd3 14. Ke2 0-0-0 15. Nc3 Rhe8 16. Nd1 Bc5+ 17. Ne3 Ne4 18. g3 f5 19. b4 Bxb4 20. Rb1 g5 21. Kf1 f4 22. Nc2 Bc5 23. g4 Nexf2 24. Rg1 Nxc1 25. Rxc1 Nd3 26. Kg2 Bxg1 27. Rxg1 Re2+ 28. Kh1 Nf2+ 29. Kg2 Ne4+ 30. Kh3 Rd3 31. Ncd4 Rexd2 32. Rc1+ Kd7 0-1

[Event "Niteroi op 2nd"]
[Site "Niteroi"]
[Date "2022.09.04"]
[Round "6"]
[White "Baptista, Andre Kemper"]
[Black "Pereira, Rodrigo Ferreira"]
[Result "1/2-1/2"]
[WhiteElo "1900"]
[BlackElo "1568"]
[PlyCount "113"]
[EventDate "2022.09.01"]
[EventType "swiss"]
[EventRounds "9"]
[EventCountry "BRA"]
[SourceTitle "CBM 210 Extra"]
[Source "ChessBase"]
[SourceDate "2022.11.30"]
[SourceVersion "1"]
[SourceVersionDate "2022.11.30"]
[SourceQuality "1"]

1. e4 c5 2. Nc3 g6 3. Bc4 Bg7 4. f4 d6 5. Nf3 e6 6. 0-0 Ne7 7. Qe1 Nbc6 8. d3 0-0 9. a3 Nd4 10. Nxd4 cxd4 11. Ne2 d5 12. exd5 Nxd5 13. Bxd5 Qxd5 14. Ng3 f5 15. Bd2 b6 16. Rf2 Bb7 17. Re2 Rac8 18. Rc1 Rc7 19. c4 dxc3 20. Bxc3 Rfc8 21. Qd2 Bxc3 22. bxc3 Rxc3 23. Rxc3 Qd4+ 24. Qe3 Qxe3+ 25. Rxe3 Rxc3 26. Rxe6 Rxd3 27. Re7 Bc6 28. Rxa7 Rd1+ 29. Kf2 Rd2+ 30. Ne2 Bb5 31. Re7 Ra2 32. Re3 Kf7 33. g3 Kf6 34. Ke1 Bxe2 35. Rxe2 Rxa3 36. Rb2 Ra6 37. Kd2 Ke6 38. Kd3 Kd5 39. Kc3 Kc5 40. Kb3 b5 41. Rc2+ Kb6 42. Re2 Ra7 43. Kb4 Ra4+ 44. Kb3 Re4 45. Rd2 Kc5 46. Rc2+ Kb6 47. Rd2 b4 48. Rd7 Kb5 49. Rxh7 Re3+ 50. Kb2 Kc4 51. Rc7+ Kb5 52. Rg7 Re2+ 53. Kb3 Re3+ 54. Kb2 Kc4 55. Rc7+ Kb5 56. Rg7 Re6 57. Kb3 1/2-1/2

[Event "BRA-ch U2000 Amateurs"]
[Site "Sao Paulo"]
[Date "2022.06.17"]
[Round "3"]
[White "Jorge, Denrick Cabral Jose"]
[Black "Baptista, Andre Kemper"]
[Result "1-0"]
[WhiteElo "1891"]
[BlackElo "1927"]
[PlyCount "73"]
[EventDate "2022.06.16"]
[EventType "swiss"]
[EventRounds "7"]
[EventCountry "BRA"]
[SourceTitle "CBM 208 Extra"]
[Source "ChessBase"]
[SourceDate "2022.07.31"]
[SourceVersion "1"]
[SourceVersionDate "2022.07.31"]
[SourceQuality "1"]

1. e4 e5 2. Nc3 Bc5 3. f4 Bxg1 4. Rxg1 Qh4+ 5. g3 Qxh2 6. Rg2 Qh6 7. Nd5 Qd6 8. d4 exd4 9. Qxd4 Nf6 10. Nxf6+ Qxf6 11. Qxf6 gxf6 12. Bd2 d6 13. Rh2 Nd7 14. Bc3 0-0 15. Bd3 Nc5 16. Bxf6 Nxd3+ 17. cxd3 Bg4 18. Rh6 Rfe8 19. Kd2 Re6 20. Rah1 Rxf6 21. Rxf6 h5 22. e5 Kg7 23. Rc1 dxe5 24. fxe5 Rc8 25. d4 c6 26. Rd6 Re8 27. b4 a6 28. a4 Re7 29. b5 axb5 30. axb5 cxb5 31. Rc5 Bf3 32. Rxb5 Bc6 33. Rb4 Bf3 34. Ke3 Bh1 35. Rb2 Bc6 36. Kf2 Re6 37. d5 1-0

[Event "Rio de Janeiro State-ch"]
[Site "Rio de Janeiro"]
[Date "2022.05.01"]
[Round "5"]
[White "Okamura, Milton Kasuo"]
[Black "Baptista, Andre Kemper"]
[Result "1-0"]
[WhiteElo "1907"]
[BlackElo "1930"]
[PlyCount "67"]
[EventDate "2022.04.29"]
[EventType "swiss"]
[EventRounds "6"]
[EventCountry "BRA"]
[SourceTitle "EXT 2023"]
[Source "ChessBase"]
[SourceDate "2022.10.05"]
[SourceVersion "1"]
[SourceVersionDate "2022.10.05"]
[SourceQuality "1"]

1. d4 Nf6 2. c4 g6 3. Nc3 Bg7 4. e4 d6 5. Nf3 0-0 6. Be2 Nc6 7. d5 Ne5 8. Nxe5 dxe5 9. 0-0 e6 10. Be3 exd5 11. cxd5 Bd7 12. Qb3 b6 13. Rfe1 Ne8 14. a4 Kh8 15. a5 Nd6 16. axb6 axb6 17. Ra3 Rxa3 18. Qxa3 Qa8 19. Ra1 Qxa3 20. Rxa3 f5 21. f3 fxe4 22. fxe4 b5 23. Bc5 Rb8 24. Bxd6 cxd6 25. Bxb5 Bxb5 26. Nxb5 Bf8 27. Nc7 Bh6 28. Ra8 Rxa8 29. Nxa8 Kg7 30. b4 Be3+ 31. Kf1 Kf8 32. b5 Ba7 33. g3 Bb8 34. Nc7 1-0

[Event "Rio de Janeiro State-ch"]
[Site "Rio de Janeiro"]
[Date "2022.04.30"]
[Round "2"]
[White "Da Rocha, Joao Batista Jose"]
[Black "Baptista, Andre Kemper"]
[Result "0-1"]
[WhiteElo "1753"]
[BlackElo "1930"]
[PlyCount "126"]
[EventDate "2022.04.29"]
[EventType "swiss"]
[EventRounds "6"]
[EventCountry "BRA"]
[SourceTitle "EXT 2023"]
[Source "ChessBase"]
[SourceDate "2022.10.05"]
[SourceVersion "1"]
[SourceVersionDate "2022.10.05"]
[SourceQuality "1"]

1. c4 e5 2. d3 Nf6 3. g3 Nc6 4. Bg2 Bc5 5. e4 d6 6. Ne2 0-0 7. 0-0 Be6 8. Nbc3 a6 9. a3 Ne7 10. b4 Ba7 11. Bg5 Nd7 12. Kh1 h6 13. Bd2 c6 14. f4 f5 15. Rb1 Qe8 16. a4 Rb8 17. Qc2 Nf6 18. Bf3 Ng4 19. Bxg4 fxg4 20. f5 Bd7 21. Qc1 Qh5 22. Be3 Bxe3 23. Qxe3 b6 24. b5 axb5 25. axb5 Rf6 26. bxc6 Bxc6 27. Nd5 Bxd5 28. cxd5 b5 29. d4 g6 30. dxe5 dxe5 31. fxg6 Qxg6 32. Rxf6 Qxf6 33. Rg1 b4 34. Rb1 Nc8 35. Kg2 Nd6 36. Rb3 Rf8 37. Rb1 Qf3+ 38. Qxf3 gxf3+ 39. Kf2 fxe2+ 40. Kxe2 Rb8 41. Kd3 b3 42. Rb2 Kf7 43. g4 Nb7 44. Kc4 Na5+ 45. Kc5 Rc8+ 46. Kb4 Rc2 47. Rb1 Ra2 48. h4 b2 49. g5 hxg5 50. hxg5 Kg6 51. d6 Kxg5 52. d7 Nc6+ 53. Kc4 Nd8 54. Kd5 Kf6 55. Rf1+ Kg7 56. Rb1 Kf6 57. Rf1+ Kg5 58. Rb1 Kf4 59. Kd6 Nb7+ 60. Ke6 Nc5+ 61. Kd6 Nxd7 62. Kxd7 Kxe4 63. Kc6 Kd3 0-1

[Event "BRA-ch Amateur U2000"]
[Site "Sao Paulo"]
[Date "2018.06.02"]
[Round "6"]
[White "Damaceno, Mateus Lima"]
[Black "Baptista, Andre Kemper"]
[Result "1/2-1/2"]
[WhiteElo "1999"]
[BlackElo "1926"]
[PlyCount "93"]
[EventDate "2018.05.31"]
[EventType "swiss"]
[EventRounds "7"]
[EventCountry "BRA"]
[SourceTitle "EXT 2021"]
[Source "ChessBase"]
[SourceDate "2020.10.23"]
[SourceVersion "1"]
[SourceVersionDate "2020.10.23"]
[SourceQuality "1"]

1. d4 Nf6 2. c4 g6 3. Nc3 Bg7 4. e4 d6 5. Nf3 0-0 6. Be2 e5 7. 0-0 Nc6 8. d5 Ne7 9. Ne1 Ne8 10. Be3 f5 11. f3 Nf6 12. Rc1 b6 13. b4 a5 14. a3 axb4 15. axb4 Ra3 16. Qd3 fxe4 17. fxe4 Ng4 18. Rxf8+ Qxf8 19. Bxg4 Bxg4 20. Nc2 Rb3 21. Qd2 Bd7 22. c5 bxc5 23. bxc5 Qb8 24. Qe1 c6 25. Bg5 Qa7 26. Ne3 Nc8 27. dxc6 Bxc6 28. Ncd5 dxc5 29. Qh4 Bxd5 30. Nxd5 c4+ 31. Kh1 Qf7 32. h3 Rb2 33. Nf6+ Bxf6 34. Bxf6 Rb5 35. Rd1 Qe6 36. Rd8+ Kf7 37. Qf2 Qb6 38. Bh4+ Qxf2 39. Bxf2 Ne7 40. Rd7 Ke6 41. Rc7 Rb1+ 42. Kh2 Rc1 43. Bh4 Ng8 44. Bg5 Rc2 45. Rc8 Kf7 46. Rc7+ Ke6 47. Rc8 1/2-1/2

[Event "BRA-ch Amateur U2000"]
[Site "Sao Paulo"]
[Date "2018.05.31"]
[Round "2"]
[White "Simao Vasconcellos, Pedro Augusto"]
[Black "Baptista, Andre Kemper"]
[Result "1-0"]
[WhiteElo "1738"]
[BlackElo "1926"]
[PlyCount "57"]
[EventDate "2018.05.31"]
[EventType "swiss"]
[EventRounds "7"]
[EventCountry "BRA"]
[SourceTitle "EXT 2021"]
[Source "ChessBase"]
[SourceDate "2020.10.23"]
[SourceVersion "1"]
[SourceVersionDate "2020.10.23"]
[SourceQuality "1"]

1. e4 e5 2. Nf3 Nf6 3. Nxe5 d6 4. Nf3 Nxe4 5. d4 Be7 6. Bd3 Nf6 7. 0-0 0-0 8. Bf4 Bg4 9. Nbd2 Nc6 10. c3 d5 11. Qc2 Bd6 12. Ne5 h6 13. Rae1 Bxe5 14. dxe5 Nd7 15. Bg3 Nc5 16. Bb5 Qd7 17. f4 Bf5 18. Qd1 a6 19. Bxc6 Qxc6 20. Nb3 Nd3 21. Nd4 Qb6 22. Bf2 Nxf2 23. Rxf2 Be4 24. Qg4 c5 25. Rxe4 dxe4 26. Nf5 g6 27. Nxh6+ Kh7 28. f5 gxf5 29. Nxf5 1-0

[Event "Rio de Janeiro Alex U2100 1st"]
[Site "Rio de Janeiro"]
[Date "2018.01.13"]
[Round "4"]
[White "Baptista, Andre Kemper"]
[Black "Maia, Marco Aurelio Ferre"]
[Result "1-0"]
[WhiteElo "1910"]
[BlackElo "2068"]
[PlyCount "161"]
[EventDate "2018.01.05"]
[EventType "tourn"]
[EventRounds "5"]
[EventCountry "BRA"]
[SourceTitle "EXT 2019"]
[Source "ChessBase"]
[SourceDate "2018.10.10"]
[SourceVersion "1"]
[SourceVersionDate "2018.10.10"]
[SourceQuality "1"]

1. e4 c6 2. d4 d5 3. exd5 cxd5 4. Bd3 Nc6 5. c3 Qc7 6. Ne2 Bg4 7. f3 Bd7 8. Bf4 Qc8 9. 0-0 Nf6 10. Ng3 g6 11. Re1 h5 12. Qc2 h4 13. Nf1 Bf5 14. Bxf5 Qxf5 15. Qxf5 gxf5 16. Bg5 0-0-0 17. Bxf6 exf6 18. h3 Bd6 19. Nbd2 Rhg8 20. Re2 Bf4 21. Nb3 b6 22. Rae1 Kc7 23. Nc1 Bg3 24. Nxg3 Rxg3 25. Re8 Rg8 26. Rxd8 Kxd8 27. Nd3 Kd7 28. Nf4 Ne7 29. Kf2 Kd6 30. Re2 Kd7 31. Ke3 Kd6 32. Kd3 Ng6 33. Ke3 Rh8 34. Nxg6 fxg6 35. Kf4 Kd7 36. b3 Rc8 37. Re3 b5 38. g4 hxg3 39. Kxg3 a5 40. h4 b4 41. cxb4 axb4 42. Re2 Rc3 43. h5 gxh5 44. Rh2 Rd3 45. Rxh5 Ke6 46. Kf4 Rd2 47. Rh8 Ke7 48. Ke3 Rxa2 49. Rb8 Rb2 50. Rxb4 Ke6 51. Kf4 Rd2 52. Rb6+ Kd7 53. Ke3 Rb2 54. b4 Rb1 55. b5 Rb4 56. Rxf6 Rxb5 57. Rxf5 Ke6 58. Re5+ Kf6 59. Kf4 Ra5 60. Kg4 Rb5 61. f4 Ra5 62. f5 Ra1 63. Rxd5 Rg1+ 64. Kf3 Rf1+ 65. Ke4 Re1+ 66. Kd3 Rd1+ 67. Kc4 Rc1+ 68. Kb5 Rc2 69. Kb6 Rc4 70. Kb5 Rc1 71. Rc5 Rd1 72. Kc4 Rc1+ 73. Kd5 Rd1 74. Kc4 Rc1+ 75. Kb5 Rd1 76. d5 Ke7 77. Kc6 Rd2 78. Kc7 Rd1 79. d6+ Kf6 80. Rc6 Rd3 81. d7+ 1-0

[Event "Rio de Janeiro Alex U2100 1st"]
[Site "Rio de Janeiro"]
[Date "2018.01.06"]
[Round "2"]
[White "Mendes, Rodrigo Machado"]
[Black "Baptista, Andre Kemper"]
[Result "1/2-1/2"]
[WhiteElo "1991"]
[BlackElo "1910"]
[PlyCount "128"]
[EventDate "2018.01.05"]
[EventType "tourn"]
[EventRounds "5"]
[EventCountry "BRA"]
[SourceTitle "EXT 2019"]
[Source "ChessBase"]
[SourceDate "2018.10.10"]
[SourceVersion "1"]
[SourceVersionDate "2018.10.10"]
[SourceQuality "1"]

1. e4 e5 2. Nf3 Nf6 3. Nxe5 d6 4. Nf3 Nxe4 5. d4 Be7 6. Bd3 Nf6 7. 0-0 0-0 8. Nbd2 Bg4 9. h3 Bh5 10. Re1 Nc6 11. c3 Qd7 12. Nf1 Bg6 13. Bf4 Bxd3 14. Qxd3 Nh5 15. Bh2 Rae8 16. d5 Ne5 17. Nxe5 dxe5 18. Rxe5 Nf6 19. Rae1 Bd6 20. Rxe8 Bxh2+ 21. Nxh2 Rxe8 22. Rxe8+ Qxe8 23. Ng4 Qe1+ 24. Qf1 Qxf1+ 25. Kxf1 Nxd5 26. g3 f6 27. Ke2 Kf7 28. Kd3 Ke6 29. a3 h5 30. Nh2 c5 31. Nf3 g5 32. Kc4 Nb6+ 33. Kd3 Kd5 34. Nd2 c4+ 35. Ke3 Na4 36. Ne4 Ke6 37. Kd4 Nxb2 38. Nc5+ Ke7 39. Nxb7 Nd1 40. f3 Nf2 41. Na5 Nxh3 42. Nxc4 Ng1 43. Ke3 Nh3 44. a4 h4 45. gxh4 gxh4 46. f4 Ke6 47. a5 Kd5 48. Na3 f5 49. Nb5 a6 50. Nc7+ Kc5 51. Nxa6+ Kb5 52. Nb4 Kxa5 53. Nc6+ Kb5 54. Nd4+ Kc4 55. Ne2 Kb3 56. Kf3 Kc4 57. Ke3 Kb3 58. Kd4 Nf2 59. c4 Ne4 60. Ng1 Kb4 61. Nh3 Nd2 62. c5 Nb3+ 63. Ke5 Nxc5 64. Kxf5 Nd3 1/2-1/2

[Event "Rio de Janeiro Alex U2100 1st"]
[Site "Rio de Janeiro"]
[Date "2018.01.05"]
[Round "1"]
[White "Baptista, Andre Kemper"]
[Black "Soares, Joao Carlos TC"]
[Result "1/2-1/2"]
[WhiteElo "1910"]
[BlackElo "2026"]
[PlyCount "54"]
[EventDate "2018.01.05"]
[EventType "tourn"]
[EventRounds "5"]
[EventCountry "BRA"]
[SourceTitle "EXT 2019"]
[Source "ChessBase"]
[SourceDate "2018.10.10"]
[SourceVersion "1"]
[SourceVersionDate "2018.10.10"]
[SourceQuality "1"]

1. e4 c5 2. Nc3 g6 3. f4 Bg7 4. Nf3 Nc6 5. Bc4 Na5 6. Qe2 d6 7. Bb5+ Bd7 8. 0-0 a6 9. Bxd7+ Qxd7 10. Nd5 Qd8 11. d3 e6 12. Ne3 Nf6 13. Bd2 0-0 14. f5 Nc6 15. Qe1 Nd7 16. Ng4 Nde5 17. Ngxe5 Nxe5 18. Nxe5 Bxe5 19. Bh6 Re8 20. fxe6 Rxe6 21. Be3 d5 22. exd5 Qxd5 23. Qf2 Rf6 24. Qh4 Rxf1+ 25. Rxf1 Bxb2 26. Qe7 Rc8 27. c4 Qe6 1/2-1/2

[Event "BRA-ch Amateur U2000"]
[Site "Sao Paulo"]
[Date "2018.??.??"]
[Round "1"]
[White "Baptista, Andre Kemper"]
[Black "Castro, Leonardo Nascimento"]
[Result "1-0"]
[WhiteElo "1926"]
[BlackElo "1676"]
[PlyCount "91"]
[EventDate "2018.05.31"]
[EventType "swiss"]
[EventRounds "7"]
[EventCountry "BRA"]
[SourceTitle "EXT 2021"]
[Source "ChessBase"]
[SourceDate "2020.10.23"]
[SourceVersion "1"]
[SourceVersionDate "2020.10.23"]
[SourceQuality "1"]

1. e4 e5 2. Nf3 Nc6 3. Bc4 Bc5 4. c3 d6 5. d4 exd4 6. cxd4 Bb4+ 7. Nc3 Nf6 8. 0-0 h6 9. Re1 0-0 10. Qb3 Bxc3 11. Qxc3 Re8 12. Bd3 Bg4 13. b4 Bxf3 14. gxf3 a6 15. Bb2 Nh5 16. Kh1 Qf6 17. Bc4 Nxb4 18. Be2 Nc6 19. Rg1 Nf4 20. Bf1 Rac8 21. Qd2 g5 22. Rc1 Kh7 23. Bxa6 bxa6 24. Rxc6 Nh3 25. Rg3 g4 26. d5 Qf4 27. Qxf4 Nxf4 28. Rxg4 Ng6 29. Bc3 h5 30. Rg5 Kh6 31. Bd2 Kg7 32. Rxh5 Ne5 33. Rc3 c6 34. f4 Nd7 35. Rg3+ Kf6 36. e5+ Ke7 37. dxc6 Rxc6 38. exd6+ Kxd6 39. Rd3+ Kc7 40. Ba5+ Kc8 41. Kg2 Rc2 42. Rc3+ Rxc3 43. Bxc3 Re2 44. a3 Rc2 45. Bb4 Nf6 46. Rc5+ 1-0

[Event "Rio de Janeiro Cortinhas Memorial 1st"]
[Site "Rio de Janeiro"]
[Date "2017.04.21"]
[Round "1"]
[White "Nogueira, Emmanuel Franco"]
[Black "Baptista, Andre Kemper"]
[Result "0-1"]
[WhiteElo "1815"]
[BlackElo "1907"]
[PlyCount "76"]
[EventDate "2017.04.21"]
[EventType "swiss"]
[EventRounds "6"]
[EventCountry "BRA"]
[SourceTitle "CBM 178 Extra"]
[Source "ChessBase"]
[SourceDate "2017.06.22"]
[SourceVersion "1"]
[SourceVersionDate "2017.06.22"]
[SourceQuality "1"]

1. d4 Nf6 2. c4 e6 3. Nf3 b6 4. g3 Bb4+ 5. Nbd2 Ne4 6. Bg2 Bb7 7. 0-0 Nxd2 8. Bxd2 Bxd2 9. Qxd2 Nc6 10. e4 0-0 11. Rfe1 f5 12. exf5 Ne7 13. Nh4 Bxg2 14. Kxg2 Nxf5 15. Nxf5 Rxf5 16. Re2 Qf6 17. Rae1 Rf3 18. Re3 Rf8 19. Rxf3 Qxf3+ 20. Kg1 h5 21. Qe3 Qc6 22. b3 Rf3 23. Qe4 Qxe4 24. Rxe4 Kf7 25. Kf1 Rc3 26. Re3 Rc2 27. a4 Rd2 28. Re4 Rd3 29. b4 Ra3 30. a5 Ra4 31. axb6 axb6 32. d5 Rxb4 33. dxe6+ dxe6 34. Ke2 b5 35. Rf4+ Ke7 36. cxb5 Rxf4 37. gxf4 Kd6 38. Ke3 Kc5 0-1

[Event "Guarapari Aberta do Estadual"]
[Site "Guarapari"]
[Date "2015.08.30"]
[Round "6.2"]
[White "Souza Filho, Namyr Carlos"]
[Black "Baptista, Andre Kemper"]
[Result "1/2-1/2"]
[WhiteElo "2074"]
[BlackElo "1889"]
[PlyCount "69"]
[EventDate "2015.08.28"]
[EventType "swiss"]
[EventRounds "6"]
[EventCountry "BRA"]
[SourceTitle "EXT 2022"]
[Source "ChessBase"]
[SourceDate "2021.10.06"]
[SourceVersion "1"]
[SourceVersionDate "2021.10.06"]
[SourceQuality "1"]

1. Nf3 d5 2. d4 Nf6 3. c4 e6 4. Nc3 c5 5. cxd5 cxd4 6. Qxd4 Nxd5 7. e4 Nxc3 8. Qxd8+ Kxd8 9. bxc3 Nc6 10. Be2 Be7 11. Bf4 Bf6 12. e5 Be7 13. 0-0 Bd7 14. Rfd1 h6 15. Rab1 Kc7 16. h3 Rad8 17. Nd2 Bc8 18. Nc4 Rxd1+ 19. Rxd1 Rd8 20. Rxd8 Kxd8 21. Be3 b6 22. f4 f6 23. Kf2 fxe5 24. Nxe5 Nxe5 25. fxe5 Kc7 26. Bc4 Kc6 27. a4 a6 28. Kf3 Bc5 29. Bf4 Ba3 30. Kg4 Kc5 31. Bb3 Bd7 32. Be3+ Kc6 33. Kh5 Be8+ 34. Kg4 Bf7 35. Kf4 1/2-1/2

[Event "Guarapari Aberta do Estadual"]
[Site "Guarapari"]
[Date "2015.08.29"]
[Round "3.2"]
[White "Baptista, Andre Kemper"]
[Black "Abelha, Mozart Rosa"]
[Result "1-0"]
[WhiteElo "1889"]
[BlackElo "1972"]
[PlyCount "69"]
[EventDate "2015.08.28"]
[EventType "swiss"]
[EventRounds "6"]
[EventCountry "BRA"]
[SourceTitle "EXT 2022"]
[Source "ChessBase"]
[SourceDate "2021.10.06"]
[SourceVersion "1"]
[SourceVersionDate "2021.10.06"]
[SourceQuality "1"]

1. e4 c5 2. Nc3 Nc6 3. Bb5 e6 4. Bxc6 dxc6 5. f4 b5 6. Nf3 Nf6 7. d3 c4 8. dxc4 Qxd1+ 9. Kxd1 b4 10. e5 bxc3 11. exf6 gxf6 12. b3 c5 13. Ke2 Be7 14. Be3 Bb7 15. Rhd1 Rd8 16. Rd3 Be4 17. Rxd8+ Kxd8 18. Rd1+ Kc7 19. Ne1 Kc6 20. g3 h5 21. Nd3 a5 22. Bf2 Rd8 23. Ke3 Bf5 24. Be1 a4 25. Bxc3 axb3 26. cxb3 Ra8 27. Rd2 Ra7 28. Nf2 Bb1 29. a4 Rd7 30. Rxd7 Kxd7 31. Ne4 Ba2 32. Nd2 Kd6 33. Kd3 e5 34. Kc2 exf4 35. gxf4 1-0

[Event "Rio de Janeiro Estadual op"]
[Site "Rio de Janeiro"]
[Date "2014.08.09"]
[Round "6"]
[White "Baptista, Andre Kemper"]
[Black "Cardoso, Marcio de Lucca"]
[Result "1/2-1/2"]
[WhiteElo "1890"]
[BlackElo "1864"]
[PlyCount "107"]
[EventDate "2014.08.02"]
[EventType "swiss"]
[EventRounds "6"]
[EventCountry "BRA"]
[SourceTitle "CBM 162 Extra"]
[Source "ChessBase"]
[SourceDate "2014.10.17"]
[SourceVersion "1"]
[SourceVersionDate "2014.10.17"]
[SourceQuality "1"]

1. d4 Nf6 2. Nf3 g6 3. h3 Bg7 4. Bf4 0-0 5. e3 c5 6. c3 cxd4 7. cxd4 d6 8. Nc3 Qb6 9. Qd2 Bf5 10. Bd3 Bxd3 11. Qxd3 Nc6 12. 0-0 Nb4 13. Qd2 Rac8 14. Rfc1 Nbd5 15. Bg3 Qa5 16. Nxd5 Qxd5 17. Ne1 Rc6 18. Rxc6 Qxc6 19. Nd3 Rc8 20. Rc1 Qd7 21. Qd1 Rc6 22. Nb4 Rc7 23. Rxc7 Qxc7 24. Qc2 Qxc2 25. Nxc2 Kf8 26. f3 Ke8 27. Be1 Kd7 28. Kf2 Nd5 29. g3 h5 30. Ke2 e6 31. Kd3 f5 32. e4 Ne7 33. Bd2 e5 34. d5 Bf6 35. Be3 a6 36. a4 h4 37. g4 f4 38. Bd2 Nc8 39. a5 Na7 40. Na3 Nb5 41. Nxb5 axb5 42. Kc3 Bd8 43. Kb4 Kc7 44. Kxb5 Kb8 45. a6 Ka7 46. axb7 Kxb7 47. Ba5 Be7 48. b3 g5 49. b4 Bf6 50. Kc4 Be7 51. b5 Bf6 52. b6 Be7 53. Kb5 Bf8 54. Bb4 1/2-1/2

[Event "Rio de Janeiro Estadual Mestres op"]
[Site "Rio de Janeiro"]
[Date "2013.11.30"]
[Round "1"]
[White "Cunha, Eduardo Arruda da G"]
[Black "Baptista, Andre Kemper"]
[Result "1-0"]
[WhiteElo "2169"]
[BlackElo "1818"]
[PlyCount "85"]
[EventDate "2013.11.30"]
[EventType "swiss"]
[EventRounds "7"]
[EventCountry "BRA"]
[SourceTitle "CBM 157 Extra"]
[Source "ChessBase"]
[SourceDate "2013.12.19"]
[SourceVersion "1"]
[SourceVersionDate "2013.12.19"]
[SourceQuality "1"]

1. e4 e5 2. Bc4 Nc6 3. Nf3 Bc5 4. c3 Nf6 5. d3 a6 6. Bb3 Ba7 7. 0-0 0-0 8. Re1 d6 9. h3 h6 10. Nbd2 Be6 11. Bc2 Nd7 12. Nf1 f5 13. d4 fxe4 14. Bxe4 d5 15. Bc2 e4 16. N3h2 Qh4 17. Qe2 Rae8 18. Be3 Ne7 19. f3 Ng6 20. Bf2 exf3 21. Nxf3 Qf6 22. Qd3 Bf5 23. Qxf5 Rxe1 24. Qxd5+ Qe6 25. Bb3 Rxf1+ 26. Rxf1 Qxd5 27. Bxd5+ Kh8 28. Bxb7 Nf4 29. Bxa6 Nxh3+ 30. gxh3 Rxf3 31. Kg2 Rf6 32. Bd3 Nb6 33. Bg3 Rxf1 34. Kxf1 Na4 35. Bxc7 Nxb2 36. Ke2 Na4 37. Kd2 Kg8 38. Bg6 Nb6 39. Kd3 Nd5 40. Bd6 Bb6 41. c4 Nc7 42. c5 Ba5 43. Kc4 1-0

[Event "Maringa op 3rd"]
[Site "Maringa"]
[Date "2013.07.26"]
[Round "5"]
[White "Freire Dos Santos, Fernando Juni"]
[Black "Baptista, Andre Kemper"]
[Result "1-0"]
[WhiteElo "2052"]
[BlackElo "1818"]
[PlyCount "61"]
[EventDate "2013.07.24"]
[EventType "swiss"]
[EventRounds "8"]
[EventCountry "BRA"]
[SourceTitle "CBM 155 Extra"]
[Source "ChessBase"]
[SourceDate "2013.08.26"]
[SourceVersion "1"]
[SourceVersionDate "2013.08.26"]
[SourceQuality "1"]

1. d4 Nf6 2. c4 c5 3. d5 g6 4. Nc3 Bg7 5. e4 d6 6. Nf3 Bg4 7. h3 Bxf3 8. Qxf3 Nbd7 9. Qd1 0-0 10. Bd3 Ne5 11. Be2 a6 12. a4 Qb6 13. 0-0 Ned7 14. Qc2 e6 15. Be3 exd5 16. cxd5 Qc7 17. a5 Ne8 18. f4 Bd4 19. Nd1 Bxe3+ 20. Nxe3 Qd8 21. Nc4 Qh4 22. Kh2 Qe7 23. Bg4 Nef6 24. Bf3 Rfe8 25. Rae1 h5 26. e5 dxe5 27. fxe5 Ng4+ 28. Bxg4 hxg4 29. e6 g3+ 30. Kh1 f5 31. d6 1-0

[Event "BRA-ch Amateur"]
[Site "Sao Paulo"]
[Date "2013.02.09"]
[Round "2"]
[White "Baptista, Andre Kemper"]
[Black "Massarioli, Felipe Alvarenga"]
[Result "0-1"]
[WhiteElo "1836"]
[BlackElo "2021"]
[PlyCount "100"]
[EventDate "2013.02.09"]
[EventType "swiss"]
[EventRounds "7"]
[EventCountry "BRA"]
[SourceTitle "CBM 152 Extra"]
[Source "ChessBase"]
[SourceDate "2013.02.25"]
[SourceVersion "1"]
[SourceVersionDate "2013.02.25"]
[SourceQuality "1"]

1. e4 e6 2. Nc3 d5 3. exd5 exd5 4. d4 c6 5. Nf3 Bd6 6. Bd3 Bg4 7. Qe2+ Qe7 8. Qxe7+ Nxe7 9. Ne5 Bf5 10. 0-0 f6 11. Bxf5 Nxf5 12. Nf3 Kf7 13. Bd2 Na6 14. a3 Nc7 15. Ne2 g5 16. Ng3 Nxg3 17. fxg3 Kg6 18. Rae1 Rae8 19. c3 Rxe1 20. Rxe1 Re8 21. Rxe8 Nxe8 22. g4 h6 23. g3 f5 24. gxf5+ Kxf5 25. Kf2 Nf6 26. Bc1 Ne4+ 27. Kg2 h5 28. Be3 b5 29. Bc1 a6 30. Be3 a5 31. Bc1 a4 32. Ne1 g4 33. Nc2 Nf6 34. Kf2 Ke4 35. Ke2 h4 36. gxh4 Bxh2 37. Bg5 Nh5 38. Kf2 Bf4 39. Nb4 Bxg5 40. hxg5 Kf4 41. g6 g3+ 42. Kg2 Kg4 43. Nxc6 Nf4+ 44. Kg1 Nxg6 45. Ne5+ Nxe5 46. dxe5 Kf5 47. e6 Kxe6 48. Kg2 d4 49. Kxg3 dxc3 50. bxc3 Kd5 0-1

[Event "Tijuca op"]
[Site "Tijuca"]
[Date "2012.06.10"]
[Round "7"]
[White "Poiani, Fernando Celso"]
[Black "Baptista, Andre Kemper"]
[Result "1/2-1/2"]
[WhiteElo "1819"]
[BlackElo "1774"]
[PlyCount "114"]
[EventDate "2012.06.07"]
[EventType "swiss"]
[EventRounds "7"]
[EventCountry "BRA"]
[SourceTitle "EXT 2014"]
[Source "ChessBase"]
[SourceDate "2013.11.20"]
[SourceVersion "1"]
[SourceVersionDate "2013.11.20"]
[SourceQuality "1"]

1. c4 c5 2. Nc3 g6 3. e4 Bg7 4. Nge2 Nc6 5. d3 d6 6. h3 Nf6 7. g3 0-0 8. Bg2 a6 9. 0-0 Bd7 10. Rb1 Rb8 11. Bg5 h6 12. Be3 Qc8 13. Kh2 Nh7 14. f4 f5 15. Qd2 Nf6 16. Rbd1 fxe4 17. dxe4 b5 18. cxb5 axb5 19. Nd5 Nxd5 20. exd5 Nd8 21. g4 Nf7 22. Ng3 b4 23. Qd3 Nh8 24. Rf2 Ra8 25. b3 Qa6 26. Qc2 Bb5 27. Be4 Rf6 28. f5 g5 29. Nh5 Rf7 30. Nxg7 Rxg7 31. Qb2 Rf8 32. f6 exf6 33. Rxf6 Rxf6 34. Qxf6 Nf7 35. Qe7 Qxa2+ 36. Rd2 Qa1 37. Bf2 Qe5+ 38. Qxe5 Nxe5 39. Bg3 Re7 40. Kg2 Kg7 41. Kf2 c4 42. bxc4 Nxc4 43. Rd4 b3 44. Bf5 b2 45. Rd1 Ra7 46. Re1 Ra1 47. Bb1 Nd2 48. Bf5 Rxe1 49. Kxe1 b1Q+ 50. Bxb1 Nxb1 51. Bxd6 Kf7 52. Bb4 Kf6 53. Kf2 Ke5 54. Bf8 Nd2 55. Bxh6 Ne4+ 56. Kf3 Kxd5 57. Bxg5 Nxg5+ 1/2-1/2